A UE em 2024 relatório geral sobre a atividade da União Europeia

Uložené v:
Podrobná bibliografia
Korporativný autor: European Commission
Médium: Kniha
Jazyk:Portuguese
Vydavateľské údaje: Luxembourg Serviço das Publicações da União Europeia 2025
Predmet:
Tagy: Pridať tag
Žiadne tagy, Buďte prvý, kto otaguje tento záznam!

MARC

LEADER 00000nam a2200000 4500
001 0313334
005 20251125103042.0
020 |a 978-92-68-23565-2 
020 |a 978-92-68-23566-9 
041 0 |a por 
044 |a LU 
245 1 0 |a A UE em 2024  |b relatório geral sobre a atividade da União Europeia 
264 1 |a Luxembourg  |b Serviço das Publicações da União Europeia  |c 2025 
300 |a 174 s. 
610 2 0 |a Európska únia 
610 2 0 |a spolupráca hospodárska medzinárodná 
610 2 0 |a konflikty medzinárodné 
610 2 0 |a Rusko 
610 2 0 |a Ukrajina 
610 2 0 |a politika energetická 
610 2 0 |a politika ekologická 
610 2 0 |a digitalizácia 
610 2 0 |a ochrana ľudských práv 
610 2 0 |a politika hospodárska medzinárodná 
610 2 0 |a politika sociálna 
110 2 |a European Commission